00483nam a2200193Ia 4500003000400000005001700004008004100021020002200062040000700084041000800091082001500099100002700114245002800141260004500169300001700214365001300231650001400244650003100258OSt20230516114056.0210423s2014 xx 000 0 und d a978-0-19-565913-9 cAL aeng a333.7 SANE aSANKAR (Ulganathan) Ed aEnvironmental economics aNew DelhibOxford University Pressc2014 aviii,469bPB b425cINR aEconomics aNatural Resources & Energy